The World book health & medical annual 1995. (Record no. 6693)

MARC details
000 -LEADER
fixed length control field 00679nam a22002172 4500
001 - CONTROL NUMBER
control field 0000004872
005 - DATE AND TIME OF LATEST TRANSACTION
control field 20151217151943.0
008 - FIXED-LENGTH DATA ELEMENTS--GENERAL INFORMATION
fixed length control field 070530s xx 000 0 eng d
020 ## - INTERNATIONAL STANDARD BOOK NUMBER
Terms of availability KES 400 (donation)
040 ## - CATALOGING SOURCE
Original cataloging agency KABU
Transcribing agency KABU
050 #0 - LIBRARY OF CONGRESS CALL NUMBER
Classification number RA431
Item number .W65 1995
245 14 - TITLE STATEMENT
Title The World book health & medical annual 1995.
260 ## - PUBLICATION, DISTRIBUTION, ETC. (IMPRINT)
Place of publication, distribution, etc. Chicago, III :
Name of publisher, distributor, etc. World Book, Inc,
Date of publication, distribution, etc. c1995.
300 ## - PHYSICAL DESCRIPTION
Extent 368 p.
650 #0 - SUBJECT ADDED ENTRY--TOPICAL TERM
Topical term or geographic name as entry element Public health
General subdivision Popular works
Form subdivision Periodicals.
-- 0000155771
650 #0 - SUBJECT ADDED ENTRY--TOPICAL TERM
Topical term or geographic name as entry element Health
Form subdivision Periodicals.
-- 0000155772
650 #0 - SUBJECT ADDED ENTRY--TOPICAL TERM
Topical term or geographic name as entry element Medicine, Popular
Form subdivision Periodicals.
-- 0000155773
908 ## - PUT COMMAND PARAMETER (RLIN)
Put command parameter 070530
950 ## - LOCAL HOLDINGS (RLIN)
-- 1
Holdings
Withdrawn status Lost status Source of classification or shelving scheme Not for loan Home library Current library Date acquired Total Checkouts Total Renewals Full call number Barcode Date last seen Date last checked out Price effective from Koha item type
    Library of Congress Classification   Kabarak, Nakuru City Campus Kabarak, Nakuru City Campus 17/12/2015 1 1 RA431 .W65 1995 c.1 006607 23/08/2022 26/07/2016 17/12/2015 General Collection
Designed with assistance from East African Informatics Ltd